<?xml version="1.0" encoding="UTF-8"?>
<record
    xmlns:xsi="http://www.w3.org/2001/XMLSchema-instance"
    xsi:schemaLocation="http://www.loc.gov/MARC21/slim http://www.loc.gov/standards/marcxml/schema/MARC21slim.xsd"
    xmlns="http://www.loc.gov/MARC21/slim">

  <leader>00485nam a22001217a 4500</leader>
  <datafield tag="040" ind1=" " ind2=" ">
    <subfield code="c">HS</subfield>
  </datafield>
  <datafield tag="082" ind1=" " ind2=" ">
    <subfield code="a">333</subfield>
  </datafield>
  <datafield tag="100" ind1=" " ind2=" ">
    <subfield code="a">&#x17A0;&#x17CA;&#x17B9;&#x1798; &#x179F;&#x17B6;&#x1798;&#x17B7;&#x178F;&#x17D2;&#x178F;</subfield>
  </datafield>
  <datafield tag="245" ind1=" " ind2=" ">
    <subfield code="a">&#x1798;&#x17C1;&#x179A;&#x17C0;&#x1793;&#x179F;&#x1784;&#x17D2;&#x1781;&#x17C1;&#x1794;&#x179F;&#x17D2;&#x178F;&#x17B8;&#x17A2;&#x17C6;&#x1796;&#x17B8;&#x1780;&#x179F;&#x17B7;&#x1780;&#x1798;&#x17D2;&#x1798;&#x178F;&#x17C6;&#x1794;&#x1793;&#x17CB;&#x1781;&#x17D2;&#x1796;&#x179F;&#x17CB;&#x179A;&#x17B6;&#x1794;</subfield>
  </datafield>
  <datafield tag="260" ind1=" " ind2=" ">
    <subfield code="a">&#x1793;&#x17B6;&#x1799;&#x1780;&#x178A;&#x17D2;&#x1781;&#x17B6;&#x1793;&#x1780;&#x17D2;&#x179F;&#x17C1;&#x178F;&#x17D2;&#x179A;&#x179F;&#x17B6;&#x179F;&#x17D2;&#x178F;&#x17D2;&#x179A; &#x17A2;&#x1784;&#x17D2;&#x1782;&#x1780;&#x17B6;&#x179A;&#x179F;&#x17CA;&#x17B8;&#x178A;&#x179F;&#x17C1;</subfield>
    <subfield code="b">&#x17A0;&#x17CA;&#x17BA;&#x1798; &#x179F;&#x17B6;&#x1798;&#x17B7;&#x178F;&#x17D2;&#x178F;</subfield>
    <subfield code="c">1997</subfield>
  </datafield>
  <datafield tag="300" ind1=" " ind2=" ">
    <subfield code="a">77p;</subfield>
  </datafield>
  <datafield tag="942" ind1=" " ind2=" ">
    <subfield code="c">KB</subfield>
  </datafield>
  <datafield tag="999" ind1=" " ind2=" ">
    <subfield code="c">9495</subfield>
    <subfield code="d">9495</subfield>
  </datafield>
  <datafield tag="952" ind1=" " ind2=" ">
    <subfield code="0">0</subfield>
    <subfield code="1">0</subfield>
    <subfield code="4">0</subfield>
    <subfield code="6">333_000000000000000_&#x17A0;&#x17BA;&#x1798;_1997_C194</subfield>
    <subfield code="7">0</subfield>
    <subfield code="9">51476</subfield>
    <subfield code="a">LBC</subfield>
    <subfield code="b">LBC</subfield>
    <subfield code="c">C194</subfield>
    <subfield code="d">2016-09-02</subfield>
    <subfield code="o">333 &#x17A0;&#x17CA;&#x17BA;&#x1798; 1997 C194</subfield>
    <subfield code="p">RUA44049</subfield>
    <subfield code="r">2016-09-02</subfield>
    <subfield code="y">KB</subfield>
  </datafield>
  <datafield tag="952" ind1=" " ind2=" ">
    <subfield code="0">0</subfield>
    <subfield code="1">0</subfield>
    <subfield code="4">0</subfield>
    <subfield code="6">333_000000000000000_&#x17A0;&#x17BA;&#x1798;_1997_C194</subfield>
    <subfield code="7">0</subfield>
    <subfield code="9">51488</subfield>
    <subfield code="a">LBC</subfield>
    <subfield code="b">LBC</subfield>
    <subfield code="c">C194</subfield>
    <subfield code="d">2016-09-02</subfield>
    <subfield code="o">333 &#x17A0;&#x17CA;&#x17BA;&#x1798; 1997 C194</subfield>
    <subfield code="p">RUA44318</subfield>
    <subfield code="r">2016-09-02</subfield>
    <subfield code="y">KB</subfield>
  </datafield>
</record>
